Հայաստան եւ հարևան երկիրներ : (Record no. 540314)
[ view plain ]
| 000 -LEADER | |
|---|---|
| fixed length control field | 00780nem a2200229 a 4500 |
| 001 - CONTROL NUMBER | |
| control field | 2045424 |
| 003 - CONTROL NUMBER IDENTIFIER | |
| control field | AM-YEHGA |
| 005 - DATE AND TIME OF LATEST TRANSACTION | |
| control field | 20260407101018.0 |
| 007 - PHYSICAL DESCRIPTION FIXED FIELD--GENERAL INFORMATION | |
| fixed length control field | aj canzn |
| 008 - FIXED-LENGTH DATA ELEMENTS--GENERAL INFORMATION | |
| fixed length control field | 260112s1915 gs ||||| |a|| d | 0 arm | |
| 034 1# - CODED CARTOGRAPHIC MATHEMATICAL DATA | |
| Category of scale | 1.000.000 |
| 040 ## - CATALOGING SOURCE | |
| Original cataloging agency | AM-YEHGA |
| 041 0# - LANGUAGE CODE | |
| Language code of text/sound track or separate title | arm |
| 245 00 - TITLE STATEMENT | |
| Title | Հայաստան եւ հարևան երկիրներ : |
| Remainder of title | Ըստ Լինչի եւ Օսւալդի / |
| Statement of responsibility, etc. | Խմբ․ և հրատ․՝ Ա․ Աբեղեան․ |
| 250 ## - EDITION STATEMENT | |
| Edition statement | Բ․ հրատ․ |
| 255 ## - CARTOGRAPHIC MATHEMATICAL DATA | |
| Statement of scale | 1:1.000.000 |
| 260 ## - PUBLICATION, DISTRIBUTION, ETC. | |
| Place of publication, distribution, etc. | Թիֆլիս ։ |
| Name of publisher, distributor, etc. | [Կ․ Մեսխիև], |
| Date of publication, distribution, etc. | 1915․ |
| 300 ## - PHYSICAL DESCRIPTION | |
| Extent | 1 ծալվ. թ. : |
| Other physical details | գուն. քարտեզ ; |
| Dimensions | 76x100 սմ․ |
| 651 4# - SUBJECT ADDED ENTRY--GEOGRAPHIC NAME | |
| Geographic name | Հայաստան |
| Form subdivision | Քարտեզ |
| 700 1# - ADDED ENTRY--PERSONAL NAME | |
| Personal name | Աբեղեան, Ա․ |
| Relator term | խմբ․ |
| Relationship | edt |
| Relator term | հրատ․ |
| Relationship | pbl |
| 942 ## - ADDED ENTRY ELEMENTS (KOHA) | |
| Source of classification or shelving scheme | Universal Decimal Classification |
| Koha item type | Քարտեզներ / Maps |
| Withdrawn status | Lost status | Source of classification or shelving scheme | Damaged status | Not for loan | Collection | Home library | Current library | Date acquired | Total checkouts | Full call number | Barcode | Date last seen | Price effective from | Koha item type | Public note |
|---|---|---|---|---|---|---|---|---|---|---|---|---|---|---|---|
| Universal Decimal Classification | Maps, atlases | Fundamental Scientific Library | Fundamental Scientific Library | 12/01/2026 | ք - 255 | FL0701536 | 12/01/2026 | 12/01/2026 | Քարտեզներ / Maps | ILL Non-Circ. |
ՀՀ Գիտությունների ազգային ակադեմիայի հիմնարար գիտական գրադարան = Fundamental Scientific Library of NAS RA
All site content, except where otherwise noted, is licensed under a